00576nam a2200169 a 450000100060000000300090000600800410001502000150005604000280007108200170009910000380011624501450015426000390029930000110033865000350034965000220038419893CO-ViMGA141112s2004 ck r 000 u spa d a9584100971 aCO-ViMGAbspacCO-ViMGA04a613.62 B371s1 aBetancur Gómez, Fabiola María10aSalud ocupacional : bun enfoque humanista, como gerenciar la salud y la seguridad mediante el estímulo del autocuidado y la autogestión aBogotá : bMcGraw - Hill, c2001 a193 p.14aRIEGOS PROFESIONALES - GESTION14aSALUD OCUPACIONAL